Engineering mechanics ; Dynamics, 4rth Ed (Record no. 316837)

000 -LEADER
fixed length control field 00443 a2200157 4500
001 - CONTROL NUMBER
control field 81764
082 ## - DEWEY DECIMAL CLASSIFICATION NUMBER
Classification number 620.1MER
090 ## - LOCALLY ASSIGNED LC-TYPE CALL NUMBER (OCLC); LOCAL CALL NUMBER (RLIN)
-- 39833
-- 39833
100 ## - MAIN ENTRY--PERSONAL NAME
Personal name Meriam, J L. ; Kraige, L G.
245 ## - TITLE STATEMENT
Title Engineering mechanics ; Dynamics, 4rth Ed
Statement of responsibility, etc. J L Meriam
Number of part/section of a work Vol. II
250 ## - EDITION STATEMENT
Edition statement 4
260 ## - PUBLICATION, DISTRIBUTION, ETC.
Place of publication, distribution, etc. N.Y
Name of publisher, distributor, etc. John Wiley & Son
Date of publication, distribution, etc. 2009
300 ## - PHYSICAL DESCRIPTION
Extent xx, 727 p.
Other physical details photocophy [72331 origional]
500 ## - GENERAL NOTE
General note Aerospace Textbook
600 ## - SUBJECT ADDED ENTRY--PERSONAL NAME
Personal name Kraige, L G.
942 ## - ADDED ENTRY ELEMENTS (KOHA)
Institution code [OBSOLETE] NUST-CAE
Call number prefix 620.1MER
Koha item type
Holdings
Withdrawn status Lost status Damaged status Not for loan Collection code Permanent Location Current Location Date acquired Total Checkouts Full call number Barcode Date last seen Price effective from Koha item type
          College of Aeronautical Engineering (CAE) College of Aeronautical Engineering (CAE) 04/03/2017   620.1MER CAE81056 04/05/2017 04/05/2017 Book
          College of Aeronautical Engineering (CAE) College of Aeronautical Engineering (CAE) 04/03/2017   620.1MER CAE81065 04/05/2017 04/05/2017 Book
          College of Aeronautical Engineering (CAE) College of Aeronautical Engineering (CAE) 04/03/2017   620.1MER CAE81064 04/05/2017 04/05/2017 Book
          College of Aeronautical Engineering (CAE) College of Aeronautical Engineering (CAE) 04/03/2017   620.1MER CAE81063 04/05/2017 04/05/2017 Book
          College of Aeronautical Engineering (CAE) College of Aeronautical Engineering (CAE) 04/03/2017   620.1MER CAE81062 04/05/2017 04/05/2017 Book
          College of Aeronautical Engineering (CAE) College of Aeronautical Engineering (CAE) 04/03/2017   620.1MER CAE81061 04/05/2017 04/05/2017 Book
          College of Aeronautical Engineering (CAE) College of Aeronautical Engineering (CAE) 04/03/2017   620.1MER CAE81059 04/05/2017 04/05/2017 Book
          College of Aeronautical Engineering (CAE) College of Aeronautical Engineering (CAE) 04/03/2017   620.1MER CAE81058 04/05/2017 04/05/2017 Book
          College of Aeronautical Engineering (CAE) College of Aeronautical Engineering (CAE) 04/03/2017   620.1MER CAE81057 04/05/2017 04/05/2017 Book
© 2023 Central Library, National University of Sciences and Technology. All Rights Reserved.